[Event "HUN-chT29899"]
[Site "HUN"]
[Date "1998.??.??"]
[Round "?"]
[White "Mullner, Imre"]
[Black "Toth Gergye, Geza"]
[Result "1/2-1/2"]
[WhiteElo "2230"]
[BlackElo "2225"]

1.e4 c5 2.Nf3 Nc6 3.Bb5 Nf6 4.Nc3 e6 5.O-O Be7 6.e5 Nd5 7.Nxd5 exd5 8.Re1 O-O
9.c3 Qb6 10.Qa4 c4 11.d3 a6 12.Bxc6 Qxc6 13.Qxc6 dxc6 14.dxc4 dxc4 15.Bg5 Re8
16.Bxe7 Rxe7 17.Rad1 Bg4 18.Rd4 Bxf3 19.gxf3 Rae8 20.f4 f6 21.Rxc4 fxe5 22.Rce4 Kf7
23.fxe5 Rd8 24.f4 Ke6 25.Kf2 Kf5 26.Ke3 Rd5 27.Rg1 h6 28.h4 Rd2 29.Kxd2 Kxe4
30.Rf1 Re6 31.h5 Re7 32.Ke2 Re8 33.Rf3 Rd8 34.Kf2 Rd2+ 35.Kg3 Rxb2 36.e6 Re2
37.f5 Ke5 38.a4 Kf6 39.Rf4 Re5 40.Rf3 Rc5 41.Re3 Ke7 42.Rd3 Rc4 43.Rd4 Rxd4
44.cxd4 b5 45.axb5 cxb5 46.Kf4 Kd6  1/2-1/2

[Event "HUN-chT29899"]
[Site "HUN"]
[Date "1998.??.??"]
[Round "?"]
[White "Haag, Ervin"]
[Black "Horvath, Gabor"]
[Result "1-0"]
[WhiteElo "2335"]
[BlackElo "2245"]

1.e4 c5 2.Nf3 Nc6 3.Bb5 Nf6 4.Qe2 g6 5.e5 Nd5 6.O-O Nc7 7.Bxc6 dxc6 8.d3 Bg7
9.Nbd2 O-O 10.Ne4 b6 11.h3 Ne6 12.Neg5 h6 13.Nxe6 Bxe6 14.b3 Qc7 15.Bb2 Rad8
16.Rfe1 Rd5 17.Rad1 b5 18.c4 Rdd8 19.cxb5 cxb5 20.Rc1 Qb6 21.Qe3 Rd5 22.d4 cxd4
23.Bxd4 Qa5 24.Re2 Rd7 25.Bc5 Rfd8 26.Nd4 Bd5 27.Rec2 e6 28.Bd6 Qa6 29.Nc6 Bxc6
30.Rxc6 Qxa2 31.Rc8 Kh7 32.Rxd8 Rxd8 33.Rc7 Kg8 34.Kh2 Qb1 35.Rxa7 Rc8 36.Qf3 Qf5
37.Qxf5 exf5 38.Rb7 Rc2 39.f4 g5 40.fxg5 hxg5 41.Rxb5 f4 42.e6 f3 43.e7  1-0

[Event "HUN-chT2 9798"]
[Site "HUN"]
[Date "1998.??.??"]
[Round "?"]
[White "Haag, Ervin"]
[Black "Szabo, Zsolt Jozsef"]
[Result "0-1"]
[WhiteElo "2335"]
[BlackElo "2355"]

1.e4 c5 2.Nf3 Nc6 3.Bb5 g6 4.O-O Bg7 5.c3 a6 6.Bxc6 dxc6 7.d3 Nf6 8.Qe2 O-O
9.Nbd2 Qc7 10.Nb3 b6 11.a4 a5 12.Re1 Ba6 13.Qc2 c4 14.dxc4 Bxc4 15.e5 Nd5
16.Nbd4 Ba6 17.Qb3 Rad8 18.Bd2 c5 19.Nb5 Qc6 20.Rad1 Bb7 21.Qc4 Nc7 22.Nxc7 Qxc7
23.Bf4 e6 24.Rd6 Rxd6 25.exd6 Qc6 26.Qb5 Rd8 27.Qxc6 Bxc6 28.Ne5 Bxa4 29.Nc4 e5
30.Bg5 f6 31.Nxb6 Bb3 32.Be3 Rxd6 33.Bxc5 Rd2 34.Ba3 Bf8 35.c4 Rc2 36.f4 Bxa3
37.bxa3 exf4 38.Re6 Bxc4 39.Nxc4 Rxc4 40.Rxf6 Ra4 41.Kf2 Kg7 42.Rc6 Rxa3
43.Rc7+ Kh6 44.h4 Kh5 45.Rxh7+ Kg4 46.Rg7 Ra2+ 47.Kg1 Kxh4 48.Rxg6 a4 49.Ra6 Kg4
50.Ra8 a3 51.Rg8+ Kf5 52.Rf8+ Ke4 53.Re8+ Kd3 54.Rd8+ Ke2 55.Re8+ Kd2 56.Rd8+ Kc1
57.Ra8 Ra1 58.Kf2 Kb2 59.Rb8+ Ka2 60.Rb4 Rb1 61.Rxf4 Kb3 62.Rf3+ Kb2 63.Rxa3 Kxa3
64.g4 Rb3  0-1

[Event "HUN-chT2 9798"]
[Site "HUN"]
[Date "1998.??.??"]
[Round "?"]
[White "Lenart, Endre"]
[Black "Marasescu, Ioan"]
[Result "1/2-1/2"]
[WhiteElo "2240"]
[BlackElo "2330"]

1.e4 c5 2.Nf3 Nc6 3.Bb5 Nf6 4.e5 Nd5 5.Nc3 Nc7 6.Bxc6 dxc6 7.h3 Ne6 8.Ne4 g6
9.d3 Bg7 10.Be3 Nd4 11.Nxc5 Nxf3+ 12.Qxf3 Bxe5 13.O-O O-O 14.d4 Bg7 15.Rad1 Qd5
16.Qxd5  1/2-1/2

[Event "HUN-chT2 9798"]
[Site "HUN"]
[Date "1998.??.??"]
[Round "?"]
[White "Lenart, Endre"]
[Black "Taskovits, Istvan"]
[Result "1/2-1/2"]
[WhiteElo "2240"]
[BlackElo "2275"]

1.e4 c5 2.Nf3 Nc6 3.Bb5 e6 4.O-O Nge7 5.Re1 a6 6.Bf1 d5 7.d3 g6 8.Bg5 Bg7
9.Qc1 h6 10.Bd2 Kf8 11.c3 Kg8 12.Na3 Kh7 13.Nc2 e5 14.h3 Be6 15.Ne3 Qd7 16.a4 dxe4
17.dxe4 Na5 18.Qc2 Bb3 19.Qc1 Bxa4 20.Ra3 Nb3 21.Rxb3 Bxb3 22.Ng4 f6 23.Bxh6 Be6
24.Bxg7 Kxg7 25.Nxf6 Kxf6 26.Qg5+ Kg7 27.Qxe5+ Kh6 28.Rd1 Qxd1 29.Qg5+ Kg7
30.Qxe7+ Bf7 31.Ng5 Rhf8 32.Ne6+ Kg8 33.Qf6  1/2-1/2

[Event "HUN-chT9899"]
[Site "HUN"]
[Date "1998.??.??"]
[Round "?"]
[White "Pergel, Laszlo"]
[Black "Orso, Janos"]
[Result "1-0"]
[WhiteElo "2245"]
[BlackElo "2250"]

1.e4 c5 2.Nf3 Nc6 3.Bb5 e6 4.O-O Nge7 5.Re1 a6 6.Bf1 d6 7.c3 e5 8.h3 Ng6
9.d4 Be7 10.dxc5 dxc5 11.Qxd8+ Nxd8 12.Be3 Bd7 13.Nbd2 b5 14.a4 Rb8 15.axb5 axb5
16.Nb3 Nb7 17.Red1 c4 18.Nc1 Bc6 19.Nd2 O-O 20.Na2 Nc5 21.Nb4 Ba8 22.Ra7 Na4
23.Nxc4 Nxc3 24.bxc3 bxc4 25.Nd5 Bxd5 26.exd5 Bd6 27.Bxc4 Rfc8 28.Ra4 h6
29.Rc1 Nf4 30.Bxf4 exf4 31.Ba6 Rc7 32.c4 Rb2 33.Bb5 Bc5 34.Rf1 Kf8 35.Ra8+ Ke7
36.Re8+ Kd6 37.Bc6 Rc2 38.Bb5 Rb2 39.Bc6 Rc2 40.Rd8+ Ke7 41.Re8+ Kd6 42.Bb5 Ra7
43.Rc8 Rc7 44.Rg8 g6 45.Re8 Re7 46.Rc8 Rc7 47.Rd8+ Ke7 48.Re8+ Kd6 49.h4 g5
50.Rh8 g4 51.Rxh6+ Ke5 52.d6 Ra7 53.Re1+ Kf5 54.Rh5+  1-0

[Event "HUN-chT9899"]
[Site "HUN"]
[Date "1998.??.??"]
[Round "?"]
[White "Estrada Nieto, Julian"]
[Black "Horvath, Peter"]
[Result "0-1"]
[WhiteElo "2375"]
[BlackElo "2425"]

1.e4 c5 2.Nf3 Nc6 3.Bb5 g6 4.O-O Bg7 5.c3 Nf6 6.Re1 O-O 7.d4 d5 8.e5 Ne4
9.Bxc6 bxc6 10.Nbd2 cxd4 11.cxd4 c5 12.dxc5 Nxc5 13.Nb3 Nxb3 14.Qxb3 Bg4
15.Nd4 Qb6 16.Qxb6 axb6 17.Bg5 Rfe8 18.Nc6 h6 19.Bd2 Bd7 20.Nb4 e6 21.Rac1 Rec8
22.f4 Bf8 23.Rxc8 Rxc8 24.a3 Rc4 25.b3 Bc5+ 26.Kf1 Rd4 27.Be3 Bb5+ 28.Kf2 Rxf4+
29.Kg3 Re4 30.Bxc5 Rxe1 31.Bxb6 Rb1  0-1

[Event "HUN-chT29899"]
[Site "HUN"]
[Date "1998.??.??"]
[Round "?"]
[White "Zetocha, Claudiu"]
[Black "Deak, Sandor"]
[Result "0-1"]
[WhiteElo "2360"]
[BlackElo "2325"]

1.e4 c5 2.Nf3 Nc6 3.Bb5 g6 4.O-O Bg7 5.c3 Nf6 6.Re1 O-O 7.h3 Qc7 8.d3 a6
9.Ba4 b5 10.Bb3 Na5 11.Bc2 Bb7 12.Nbd2 e5 13.a3 Rac8 14.Bb1 d5 15.b4 dxe4
16.dxe4 cxb4 17.axb4 Nc4 18.Nb3 Nd7 19.Bd3 Ncb6 20.Bd2 Na4 21.Na5 Nb2 22.Qb1 Nxd3
23.Qxd3 Nb6 24.Nb3 Rfd8 25.Qe2 Bf8 26.Rac1 f6 27.Be3 Na4 28.Bd2 Ba8 29.Na5 Nb2
30.Rb1 Nc4 31.Nxc4 Qxc4 32.Ra1 Rd6 33.Nh2 Qxe2 34.Rxe2 Bxe4 35.Be3 Bb7  0-1

[Event "HUN-chT9899"]
[Site "HUN"]
[Date "1998.??.??"]
[Round "?"]
[White "Groszpeter, Attila"]
[Black "Kiss, Pal"]
[Result "1/2-1/2"]
[WhiteElo "2505"]
[BlackElo "2435"]

1.e4 c5 2.Nf3 Nc6 3.Bb5 g6 4.O-O Bg7 5.Bxc6 dxc6 6.d3 b6 7.a4 a5 8.Nbd2 e5
9.Nc4 f6 10.Be3 Be6 11.Nfd2 Nh6 12.b4 axb4 13.a5 bxa5 14.Bxc5 Bf8 15.Bb6 Qb8
16.Bxa5 Be7 17.Bb6 O-O 18.Rxa8 Qxa8 19.Qa1 Qb7 20.Qb2 Nf7 21.Ra1 Ra8 22.Be3 Rxa1+
23.Qxa1 Nd6 24.Nxd6 Bxd6 25.Kf1 Kf7 26.Ke2 Be7 27.Qa4 Bc8 28.Kd1 Qa6 29.Qxa6 Bxa6
30.Kc1 c5 31.Kb2 Ke6 32.Kb3 Kd7 33.Nc4 Kc6 34.Bd2  1/2-1/2

[Event "HUN-chT9899"]
[Site "HUN"]
[Date "1998.??.??"]
[Round "?"]
[White "Hera, Imre Jr"]
[Black "Varga, Zoltan"]
[Result "0-1"]
[WhiteElo "2345"]
[BlackElo "2565"]

1.e4 c5 2.Nf3 Nc6 3.Bb5 e5 4.O-O Qf6 5.c3 a6 6.Bc4 d6 7.d3 h6 8.h3 Nge7 9.Be3 g5
10.d4 Ng6 11.dxe5 dxe5 12.Nbd2 Bd7 13.Bd5 O-O-O 14.Qb3 Nf4 15.Bxf4 exf4 16.Nc4 Be8
17.Qb6 Be7 18.Nfe5 Rxd5 19.exd5 Nxe5 20.d6 Bd8 21.Qxc5+ Nc6 22.b4 Bd7 23.a4 Re8
24.b5 Re5 25.Nxe5 Qxe5 26.Qc4 Be6 27.Qd3 Nb8 28.c4 Qc5 29.Rac1 a5 30.Rfd1 Nd7
31.Qc3 h5 32.Qb2 b6 33.Qh8 g4 34.hxg4 hxg4 35.Rd4 g3 36.Rxf4 Ne5 37.Rd1 Ng6
38.Qd4 Nxf4 39.d7+ Kb7 40.Qe4+ Ka7 41.Qxf4 Qxf2+ 42.Qxf2 gxf2+ 43.Kxf2 Kb7
44.Kf3 Kc7 45.g4 Bxd7 46.Kf4 Be7 47.g5 Be6 48.Re1 Bb4 49.Rg1 Bxc4 50.Ke5 Bc3+
51.Ke4 Kd6 52.Rc1 Bd5+ 53.Kf5 Bd4 54.Rc2 Bb3 55.Rc6+ Kd5 56.Rc7 Bxa4 57.Rxf7 Bxb5
58.g6 Bd3+ 59.Kg5 b5 60.g7 Bxg7 61.Rxg7 a4 62.Kf4 Kd4 63.Ra7 Bc4 64.Rd7+ Kc3
65.Ra7 Kb2 66.Ke3 a3 67.Rh7 Kc3 68.Rh1 a2 69.Rg1 b4 70.Rc1+ Kb2 71.Rxc4 b3
72.Ra4 a1=Q 73.Rxa1 Kxa1  0-1

[Event "HUN-chT9899"]
[Site "HUN"]
[Date "1998.??.??"]
[Round "?"]
[White "Kotan, Ladislav"]
[Black "Rabovszky, Gyorgy"]
[Result "1/2-1/2"]
[WhiteElo "2275"]
[BlackElo "2070"]

1.e4 c5 2.Nf3 Nc6 3.Bb5 g6 4.O-O Bg7 5.Re1 a6 6.Bxc6 dxc6 7.d3 Nf6 8.h3 O-O
9.Be3 c4 10.e5 Nd7 11.d4 b5 12.Nbd2 c5 13.Ne4 Bb7 14.Nxc5 Nxc5 15.dxc5 Qxd1
16.Raxd1 Bxf3 17.gxf3 Bxe5 18.Bh6 Bg7 19.Bxg7 Kxg7 20.Rxe7 Kf6 21.Rb7 Rae8
22.Rb6+ Re6 23.Rdd6 Ra8 24.Rxe6+ fxe6 25.f4 Kf5 26.Kg2 e5 27.fxe5 Kxe5 28.Rb7 Rc8
29.Rxh7 Rxc5 30.Ra7 Rc6 31.Kg3 Kd4 32.Rd7+ Kc5 33.Rh7 Rd6 34.Rc7+ Kb4 35.Rg7 a5
36.h4 c3 37.bxc3+ Kxc3 38.Rc7+ Kb2 39.Rc5 b4 40.Rxa5 Kxc2 41.f4 Kb2 42.Ra4 Kc3
43.Kg4 Rd1 44.Ra6 Rg1+ 45.Kf3 Kb2 46.Ra4 Kc3 47.Ra5 Kb2 48.Ra6 Rh1 49.Rxg6 Kxa2
50.Ra6+ Kb2 51.Kg4 Kc3 52.Rc6+ Kd4 53.Rb6 Kc3 54.f5 b3 55.f6 b2 56.h5 b1=Q
57.Rxb1 Rxb1 58.h6 Kd4 59.f7 Rb8 60.Kf5 Kd5 61.Kf6 Kd6 62.h7 Rf8  1/2-1/2

[Event "HUN-chT 9798"]
[Site "Hungary"]
[Date "1998.??.??"]
[Round "?"]
[White "Fusthy, Zsolt"]
[Black "Nagy, Andras"]
[Result "1/2-1/2"]
[WhiteElo "2325"]
[BlackElo "2140"]

1.e4 c5 2.Nf3 Nc6 3.Bb5 g6 4.O-O Bg7 5.c3 a6 6.Bxc6 dxc6 7.h3 e5 8.d3 Ne7
9.Be3 b6 10.Na3 a5 11.Nc4 Qc7 12.d4 Ba6 13.Ncxe5 Bxf1 14.Qxf1 cxd4 15.cxd4 O-O
16.Bf4 Qb7 17.Rc1 Rac8 18.Qc4 b5 19.Qc5 Rfe8 20.Nh2 f6 21.Nd3 f5 22.Qd6 fxe4
23.Qe6+ Kh8 24.Ne5 Nf5 25.Nf7+ Kg8 26.Nh6+ Kh8 27.Nf7+ Kg8  1/2-1/2

[Event "HUN-chT 9798"]
[Site "Hungary"]
[Date "1998.??.??"]
[Round "?"]
[White "Siklosi, Zoltan"]
[Black "Nemeth, Zoltan"]
[Result "1-0"]
[WhiteElo "2350"]
[BlackElo "2425"]

1.e4 c5 2.Nf3 Nc6 3.Bb5 e5 4.O-O Nge7 5.c3 g6 6.d4 cxd4 7.cxd4 exd4 8.Bf4 Bg7
9.Bd6 b6 10.Nbd2 Bb7 11.Re1 Nc8 12.Bg3 O-O 13.Nb3 a6 14.Bc4 b5 15.Bd5 Qb6
16.Rc1 Bh6 17.Nc5 Rd8 18.Nxb7 Qxb7 19.Ne5 Nd6 20.Nxc6 dxc6 21.Rxc6 Qxc6 22.Bxc6 Rac8
23.Bd5 Rc1 24.Qxc1  1-0

[Event "HUN-chT 9798"]
[Site "Hungary"]
[Date "1998.??.??"]
[Round "?"]
[White "Rigo, Janos"]
[Black "Bagonyai, Attila"]
[Result "1-0"]
[WhiteElo "2325"]
[BlackElo "2290"]

1.e4 c5 2.Nf3 Nc6 3.Bb5 g6 4.O-O Bg7 5.c3 Nf6 6.Re1 O-O 7.d4 d5 8.exd5 Qxd5
9.c4 Qd6 10.d5 Nd4 11.Nxd4 cxd4 12.Nd2 a6 13.Ba4 b5 14.Bb3 Bb7 15.f3 Qc5
16.cxb5 axb5 17.Ne4 Qb6 18.Nxf6+ Bxf6 19.Bf4 Rfd8 20.Rc1 Rd7 21.d6 exd6 22.Qd3 b4
23.Bd2 d5 24.Bh6 Ba6 25.Qd2 d3+ 26.Kh1 Rdd8 27.Be3 Bd4 28.Bg5 Re8 29.Bxd5 Rac8
30.Rxc8 Rxc8 31.Re7 Qd6 32.Bxf7+ Kh8 33.Re6 Qc5 34.Qf4 Bg7 35.Rxa6 d2 36.Qxd2 Qb5
37.h4 Qxa6 38.Qxb4 Qe2 39.b3 Qe5 40.Qd2 Qa1+ 41.Kh2 Rf8 42.Bc4 Be5+ 43.f4 Bd4
44.Qe2 Bg1+ 45.Kh3 Qc3+ 46.g3 Bd4 47.Be7 Ra8 48.Qe4 Rxa2 49.Bb4  1-0

[Event "HUN-chT 9798"]
[Site "Hungary"]
[Date "1998.??.??"]
[Round "?"]
[White "Meszaros, Gyorgy"]
[Black "Mann, Gerald"]
[Result "0-1"]
[WhiteElo "2195"]
[BlackElo "2280"]

1.e4 c5 2.Nf3 Nc6 3.Bb5 g6 4.c3 Nf6 5.e5 Nd5 6.O-O Nc7 7.a4 Bg7 8.Re1 a6
9.Bf1 d6 10.exd6 Qxd6 11.Na3 Nd5 12.Nc4 Qc7 13.d4 cxd4 14.Nxd4 Nxd4 15.cxd4 Be6
16.a5 O-O 17.Ne5 Rad8 18.Bd2 Rd6 19.Rc1 Qb8 20.Qa4 Rfd8 21.g3 Bd7 22.Qb3 Be8
23.Bg2 e6 24.Bf1 Qa7 25.Rc5 Bf8 26.Rec1 Qb8 27.R5c2 Bg7 28.Rc5 b6 29.R5c2 b5
30.Rc5 Ne7 31.Be3 Nf5 32.Nc6 Bxc6 33.Rxc6 Nxd4 34.Bxd4 Bxd4 35.Rxd6 Qxd6
36.Qc2 Qe5 37.b3 Kg7 38.Bg2 Bb2 39.Rf1 b4 40.Bb7 Rd6 41.Bg2 Bc3 42.Rd1 Rxd1+
43.Qxd1 Qxa5 44.Bf1 Qb6 45.Bc4 a5 46.Kg2 a4  0-1

[Event "HUN-chT 9798"]
[Site "Hungary"]
[Date "1998.??.??"]
[Round "?"]
[White "Kotan, Ladislav"]
[Black "Tomcsanyi, Peter"]
[Result "0-1"]
[WhiteElo "2275"]
[BlackElo "2300"]

1.e4 c5 2.Nf3 Nc6 3.Bb5 d6 4.O-O Bd7 5.c3 Nf6 6.Re1 a6 7.Ba4 c4 8.d4 cxd3
9.Qxd3 e6 10.Nbd2 Be7 11.Nf1 O-O 12.Bc2 h6 13.h3 Qc7 14.Be3 Rfd8 15.Rad1 Rac8
16.Nd4 e5 17.Nxc6 Bxc6 18.Bc1 b5 19.Ng3 a5 20.Nf5 Bf8 21.Qg3 Kh7 22.Qf3 Ng8
23.a3 Qb7 24.Bb3 g6 25.Nh4 Kg7 26.Bd5 Bxd5 27.Rxd5 b4 28.Rxa5 bxc3 29.bxc3 Qc7
30.Ra4 Qxc3 31.Qxc3 Rxc3  0-1

[Event "Women's Champions"]
[Site "Iki Burul/Yashalta"]
[Date "1998.??.??"]
[Round "?"]
[White "Kovalevskaya, Ekaterina"]
[Black "Demina, Julia"]
[Result "1-0"]
[WhiteElo "2390"]
[BlackElo "2355"]

1.e4 c5 2.Nf3 Nc6 3.Bb5 e6 4.Bxc6 bxc6 5.b3 f6 6.O-O Nh6 7.d4 Nf7 8.Ba3 cxd4
9.Bxf8 Kxf8 10.Qxd4 e5 11.Qa4 Qb6 12.Nbd2 g6 13.Nc4 Qc5 14.Ne3 a5 15.a3 Nd6
16.b4 Qa7 17.Rad1 Nb5 18.Qb3 axb4 19.Qxb4+ Kf7 20.Rd3 Qa4 21.Qd2 d5 22.c4 dxe4
23.Rd7+ Ke6 24.Rd1 Qxd1+ 25.Qxd1 Bxd7 26.cxb5 exf3 27.Nc4 Rhd8 28.b6 fxg2
29.Qd6+ Kf5 30.Kxg2 Be8 31.b7 Rab8 32.Qc7 Bd7 33.a4 Be6 34.Ne3+ Kf4 35.a5  1-0

[Event "Pan American-chJ"]
[Site "Isla Margarita"]
[Date "1998.??.??"]
[Round "?"]
[White "Faig, Cristian"]
[Black "Blanco, Cristobal J"]
[Result "0-1"]
[WhiteElo "2185"]
[BlackElo "2180"]

1.e4 c5 2.Nf3 Nc6 3.Bb5 g6 4.O-O Nh6 5.c3 Qb6 6.Na3 a6 7.Be2 Bg7 8.Nc4 Qd8
9.d4 b5 10.Nce5 Nxe5 11.Nxe5 d6 12.Nf3 Bb7 13.d5 Ng4 14.Qc2 O-O 15.Ne1 Nf6
16.g4 e6 17.g5 Nd7 18.dxe6 fxe6 19.Ng2 d5 20.exd5 exd5 21.f4 d4 22.Bg4 Re8
23.Bd2 Be4 24.Qd1 c4 25.f5 gxf5 26.Bxf5 Bxf5 27.Rxf5 Ne5 28.Qh5 Qb6 29.cxd4 Qxd4+
30.Be3 Qxb2 31.Raf1 Ng6 32.Qf3 Rad8 33.h4 Nxh4 34.Nxh4 Rxe3 35.Qc6 Qd4 36.Qc5 Rg3+  0-1

[Event "Heart of Finland op"]
[Site "Jyvaskyla"]
[Date "1998.??.??"]
[Round "?"]
[White "Raaste, Eero J"]
[Black "Veingold, Aleksandr"]
[Result "1-0"]
[WhiteElo "2345"]
[BlackElo "2475"]

1.e4 c5 2.Nf3 Nc6 3.Bb5 d6 4.O-O Bd7 5.c3 Nf6 6.Re1 a6 7.Bxc6 Bxc6 8.d4 Bxe4
9.Bg5 Bd5 10.Nbd2 e6 11.c4 Bxf3 12.Qxf3 cxd4 13.Bxf6 gxf6 14.Qxb7 Qc8 15.Qe4 Bg7
16.Qxd4 O-O 17.Re3 Qc5 18.Qh4 Qg5 19.Qxg5 fxg5 20.Rb1 d5 21.Rd3 Rfd8 22.Kf1 a5
23.b3 g4 24.cxd5 exd5 25.Rd1 a4 26.Nc4 axb3 27.axb3 d4 28.Ne3 Ra3 29.Nf5 h5
30.h3 Kf8 31.hxg4 hxg4 32.g3 Rd5 33.Nxg7 Kxg7 34.b4 Rxd3 35.Rxd3 Kf6 36.Ke2 Rf5
37.Rxd4 Kg5 38.Rd2 Rb5 39.Rb2 Kf5 40.Kd3 Ke6 41.Kc4 Rb8 42.b5 Kd6 43.b6 Kc6
44.b7 Rxb7 45.Rxb7 Kxb7 46.Kd5 Kc7 47.Ke5 Kd7 48.Kf5 Ke7 49.Kxg4 Kf6 50.Kf4 Kg6
51.Ke5 Kg5 52.f3 Kg6 53.f4 Kg7 54.Kf5 Kg8 55.Kf6 Kf8 56.f5 Kg8 57.Ke7  1-0

[Event "Heart of Finland op"]
[Site "Jyvaskyla"]
[Date "1998.??.??"]
[Round "?"]
[White "Kiik, Kalle"]
[Black "Zapolskis, Antanas"]
[Result "1-0"]
[WhiteElo "2445"]
[BlackElo "2400"]

1.e4 c5 2.Nf3 Nc6 3.Bb5 g6 4.O-O Bg7 5.Re1 Nf6 6.e5 Nd5 7.Nc3 Nxc3 8.dxc3 O-O
9.Bg5 h6 10.Bh4 g5 11.Bg3 Qb6 12.Qe2 d5 13.exd6 exd6 14.Bxd6 Nd4 15.cxd4 Qxd6
16.dxc5 Qxc5 17.c3 Be6 18.Ba4 Rad8 19.Bb3 g4 20.Nd2 Rfe8 21.Nf1 Bd7 22.Ne3 Re5
23.Rad1 Qe7 24.Qd2 Qg5 25.Qd6 Ree8 26.Qc7 Be5 27.Qxb7 Be6 28.Bxe6 Rxe6 29.Rxd8+ Qxd8
30.Rd1 Qg5 31.g3 Rb6 32.Qe4 Bg7 33.Rd5 Qg6 34.Qxg6 fxg6 35.Rd2 h5 36.Kf1 Kf8
37.Ke2 Ke8 38.Kd3 Kd7 39.Kc4+ Kc8 40.Rc2 Rc6+ 41.Kd3 Rd6+ 42.Ke2 Kb7 43.b4 a6
44.a4 Ka7 45.c4  1-0

[Event "Jyvaskyla We JyS"]
[Site "Jyvaskyla"]
[Date "1998.??.??"]
[Round "1"]
[White "Westerinen, Heikki MJ"]
[Black "Nokso Koivisto, Aki"]
[Result "1-0"]
[WhiteElo "2410"]
[BlackElo "2215"]

1.e4 c5 2.Nf3 Nc6 3.Bb5 g6 4.O-O Bg7 5.c3 e5 6.d4 cxd4 7.cxd4 Nxd4 8.Nxd4 exd4
9.Bf4 Ne7 10.Na3 O-O 11.Bd6 Re8 12.Bc4 a6 13.Qf3 Rf8 14.Rfe1 b5 15.e5 Nc6
16.Bd5 Bb7 17.Rad1 Rc8 18.Qf4 Qa5 19.Bxf8 Rxf8 20.Nc2 b4 21.Bxc6 dxc6 22.Qxd4 c5
23.Qd6 Bc8 24.Ne3 Be6 25.Nd5 h5 26.Rc1 c4 27.Nxb4 Rd8 28.Nc6 Rxd6 29.Nxa5 Rd4
30.b3 c3 31.Rxc3 Rd2 32.Nc4 Rxa2  1-0

[Event "Kajaani We KaSY"]
[Site "Kajaani"]
[Date "1998.??.??"]
[Round "5"]
[White "Nyysti, Sampsa"]
[Black "Luukkonen, Tommi"]
[Result "1-0"]
[WhiteElo "2165"]
[BlackElo "2160"]

1.e4 c5 2.Nf3 Nc6 3.Bb5 g6 4.O-O Bg7 5.Re1 Nf6 6.e5 Nd5 7.Nc3 Nc7 8.Bxc6 dxc6
9.Ne4 b6 10.Nf6+ Kf8 11.Ne4 h6 12.h3 Nd5 13.d4 cxd4 14.Nxd4 c5 15.Nf3 Bb7
16.Qe2 Qd7 17.Bd2 g5 18.Rad1 Qf5 19.g4 Qe6 20.c4 Nf4 21.Bxf4 gxf4 22.Qd2 Bc6
23.Qxf4 Qxc4 24.Nh4 Qe6 25.Ng3 h5 26.Nxh5 Bh6 27.Qf5 Qxf5 28.Nxf5 Bg5 29.f4 e6
30.fxg5 exf5 31.e6 Ke7 32.exf7+ Kxf7 33.g6+ Kxg6 34.Re6+ Kg5 35.Rxc6 fxg4
36.Rd5+ Kh4 37.hxg4 Kxg4 38.Rg6+ Kf3 39.Rg3+ Ke4 40.Nf6+ Kf4 41.Rg4+ Ke3  1-0

[Event "Karvina op"]
[Site "Karvina"]
[Date "1998.??.??"]
[Round "?"]
[White "Velicka, Petr"]
[Black "Pisk, Petr"]
[Result "1-0"]
[WhiteElo "2430"]
[BlackElo "2310"]

1.e4 c5 2.Nf3 Nc6 3.Bb5 e6 4.b3 Nge7 5.Bb2 Ng6 6.O-O Qc7 7.Re1 f6 8.d4 cxd4
9.Nxd4 Nxd4 10.Bxd4 Bd6 11.g3 O-O 12.Bf1 b6 13.c4 Bb7 14.Nc3 a6 15.Qd2 Bc6
16.Qe3 Rab8 17.Red1 Be7 18.Qd2 Qb7 19.a4 Bb4 20.Qd3 f5 21.exf5 Rxf5 22.Nd5 Bc5
23.Bg2 Rf7 24.Qd2 exd5 25.Bxc5 dxc4 26.Bxc6 Qxc6 27.Qd6 Qxd6 28.Bxd6 Rc8
29.Rac1 b5 30.axb5 axb5 31.Rd5 Rc6 32.bxc4 bxc4 33.f4 Ne7 34.Re1 c3 35.Ba3 Ng6
36.Rc1 h6 37.Rd3 Kh7 38.Rdxc3 Rxc3 39.Rxc3 Ne7 40.Rd3 Nc6 41.Kg2 Nd8 42.Kf3 h5
43.Ke4 Ne6 44.Rd5 g6 45.Ra5 h4 46.Bd6 hxg3 47.hxg3 Ng7 48.Be5 g5 49.Bxg7 gxf4
50.Be5 fxg3 51.Bxg3 Kg6 52.Ra1 Re7+ 53.Kf4 Re6 54.Rg1 Rf6+ 55.Ke4 Kf7 56.Be5 Rg6
57.Rd1 Ke7 58.Kf5 Rh6 59.Rg1 Rh5+ 60.Ke4 Ke6 61.Rg6+ Kf7 62.Rf6+ Ke7 63.Kd5 Rg5
64.Rh6 Rf5 65.Rh1 Rf2 66.Rh5 Rd2+ 67.Bd4 Kf7 68.Rg5 d6 69.Rg7+ Kf8 70.Ra7 Kg8
71.Ke4 Rd1 72.Kd5 Rd2 73.Rd7 Rd1 74.Rxd6 Kf7 75.Rf6+ Ke7 76.Rg6 Rf1 77.Rh6 Kf7
78.Rh7+ Kg6 79.Rg7+ Kh5 80.Ke4 Kh6 81.Rg2 Kh5 82.Be5 Rf8 83.Bf4 Re8+ 84.Kf3 Rf8
85.Rg5+ Kh4 86.Rg1 Kh5 87.Rg5+ Kh4 88.Rg6 Rf5 89.Ra6 Rb5 90.Rf6 Ra5 91.Be3 Rb5
92.Ra6 Rd5 93.Kf4 Kh3 94.Ra2 Rb5 95.Kf3 Rg5 96.Bf4 Rg3+ 97.Ke4 Rg1 98.Kf5 Rg2
99.Ra3+ Kh4 100.Ra8  1-0

[Event "Karvina op"]
[Site "Karvina"]
[Date "1998.??.??"]
[Round "?"]
[White "Hasangatin, Ramil"]
[Black "Michenka, Jozef"]
[Result "1/2-1/2"]
[WhiteElo "2460"]
[BlackElo "2330"]

1.e4 c5 2.Nf3 Nc6 3.Bb5 g6 4.Bxc6 dxc6 5.d3 Bg4 6.Nbd2 Bg7 7.h3 Bxf3 8.Nxf3 Nf6
9.O-O O-O 10.Be3 b6 11.c3 Qc7 12.Qc2 e5 13.a4 Nh5 14.Rac1 Rfd8 15.Rfd1 Rac8
16.b4 cxb4 17.cxb4 Qe7 18.a5 Qxb4 19.axb6 axb6 20.Rb1 Qd6 21.Bxb6 Rd7 22.Bc5 Qe6
23.Be3 c5 24.Qc4 Nf4 25.Bxf4 exf4 26.e5 Rd5 27.Rb6 Qxb6 28.Qxd5 Rd8 29.Qe4 Qb4
30.Qc6 Qb3 31.Rd2 Qd5 32.Qc7 Re8 33.d4 cxd4 34.Rxd4 Bxe5 35.Nxe5  1/2-1/2

[Event "Kiev-ch"]
[Site "Kiev"]
[Date "1998.??.??"]
[Round "1"]
[White "Mishchenko, Victor"]
[Black "Oglobilia, Alexander"]
[Result "1-0"]
[WhiteElo "2225"]
[BlackElo "2265"]

1.e4 c5 2.Nf3 Nc6 3.Bb5 Qb6 4.Nc3 e6 5.Bxc6 Qxc6 6.d4 d6 7.O-O Nf6 8.d5 Qa6
9.Bg5 Be7 10.dxe6 Bxe6 11.Nd5 Bxd5 12.exd5 O-O-O 13.Re1 Rd7 14.a3 Qc4 15.Bxf6 Bxf6
16.Rb1 g5 17.b3 Qf4 18.Qd3 Bd8 19.b4 g4 20.Re4 Qf5 21.bxc5 gxf3 22.c6 Rc7
23.cxb7+ Kb8 24.Qa6  1-0

[Event "Kiev-ch"]
[Site "Kiev"]
[Date "1998.??.??"]
[Round "4"]
[White "Artamonova, Viktoria"]
[Black "Kernazhitsky, Leonid"]
[Result "0-1"]
[WhiteElo "2150"]
[BlackElo "2355"]

1.e4 c5 2.Nf3 Nc6 3.Bb5 e6 4.O-O Nge7 5.Re1 a6 6.Bxc6 Nxc6 7.d4 cxd4 8.Nxd4 Qc7
9.Nc3 Bd6 10.h3 O-O 11.Nxc6 dxc6 12.Qe2 e5 13.a4 Be6 14.Be3 Bb4 15.Red1 f6
16.Na2 Be7 17.b3 g6 18.Nc1 Rfd8 19.a5 Rxd1+ 20.Qxd1 Rd8 21.Qe1 c5 22.Ne2 Qc6
23.f3 c4 24.b4 c3 25.Qxc3 Qxc3 26.Nxc3 Bxb4 27.Na4 Bxa5 28.Rb1 b5 29.Nc5 Bb6
30.Ra1 a5 31.Nxe6 Bxe3+ 32.Kf1 Rc8 33.Rxa5 Kf7 34.Ke2 Bb6 35.Rxb5 Rxc2+ 36.Kd3 Rc6
37.Rxb6 Rxb6 38.Nc7 Rb2 39.g4 Rh2 40.h4 Rh3  0-1

[Event "Kiev-ch"]
[Site "Kiev"]
[Date "1998.??.??"]
[Round "8"]
[White "Struk, Pavel"]
[Black "Kernazhitsky, Leonid"]
[Result "1/2-1/2"]
[WhiteElo "2215"]
[BlackElo "2355"]

1.e4 c5 2.Nf3 Nc6 3.Bb5 e6 4.Bxc6 bxc6 5.O-O Ne7 6.b3 Ng6 7.e5 Be7 8.Nc3 O-O
9.Ne4 f6 10.Bb2 fxe5 11.Nxe5 Nxe5 12.Bxe5 d6 13.Bg3 e5 14.Qe2 a5 15.d3 a4
16.Nc3 axb3 17.axb3 Rxa1 18.Rxa1 Qd7 19.Ra4 Bd8 20.f4 exf4 21.Rxf4 Bf6 22.Ne4 Bd4+
23.Kh1 Re8 24.Qh5 d5 25.Nd6 g6 26.Qd1 Qxd6 27.Rxd4 Qf6 28.Rf4 Bf5 29.h3 Qe6
30.Qf1 Qe3 31.Qf2 Qxf2 32.Rxf2 c4 33.bxc4 dxc4 34.dxc4 Re3 35.Bd6 Rc3 36.c5 Rxc2
37.Rxc2  1/2-1/2

[Event "Kishinev (Women)"]
[Site "Kishinev"]
[Date "1998.??.??"]
[Round "6"]
[White "Kovalevskaya, Ekaterina"]
[Black "Shumiakina, Tatiana"]
[Result "1/2-1/2"]
[WhiteElo "2390"]
[BlackElo "2400"]

1.e4 c5 2.Nf3 Nc6 3.Bb5 e6 4.Bxc6 bxc6 5.b3 f6 6.O-O Nh6 7.d4 Nf7 8.Ba3 cxd4
9.Bxf8 Kxf8 10.Qxd4 e5 11.Qa4 Qe8 12.Nc3 d6 13.Rad1 g6 14.Nd2 Be6 15.Nc4 Bxc4
16.Qxc4 Kg7 17.f4 exf4 18.Rxf4 Rf8 19.Ne2 Qe5 20.Qxc6 Rac8 21.Qd5 Rxc2 22.Nd4 Ng5
23.Nxc2  1/2-1/2

[Event "Kishinev (Women)"]
[Site "Kishinev"]
[Date "1998.??.??"]
[Round "7"]
[White "Skripchenko, Almira"]
[Black "Shumiakina, Tatiana"]
[Result "0-1"]
[WhiteElo "2400"]
[BlackElo "2400"]

1.e4 c5 2.Nf3 Nc6 3.Bb5 e6 4.O-O Nge7 5.b3 Ng6 6.Bb2 f6 7.d4 cxd4 8.Nxd4 Qc7
9.Nc3 Be7 10.Nce2 O-O 11.f4 Nxd4 12.Bxd4 a6 13.Bd3 b5 14.f5 Ne5 15.Nf4 Bc5
16.Bxc5 Qxc5+ 17.Kh1 exf5 18.exf5 Bb7 19.Qh5 Rae8 20.Rad1 Re7 21.c4 bxc4
22.bxc4 Nxd3 23.Rxd3 Be4 24.Rdd1 Qxc4 25.Ng6 hxg6 26.fxg6 Bxg6 27.Qxg6 Qxa2
28.Rf3 Qe2 29.Rdf1 Qe4 30.Qg3 Re5 31.h3 Re6 32.Rf4 Qe2 33.Kh2 Qe5 34.Kh1 Rc8
35.Qd3 Rd6 36.Qb1 Qb5 37.Qa2+ Qd5 38.Qb2 Qd3 39.Qa2+ Qd5 40.Qb1 Qd3 41.Qa2+ Re6
42.Qb2 Rc2 43.Qb8+ Kf7 44.Qb7 Re3 45.R4f3 Rxf3 46.Qxf3 Qxf3 47.Rxf3 d5 48.Ra3 Rc6
49.Kg1 Ke6 50.Kf2 Ke5 51.Ra5 Ke4 52.Ke2 d4 53.Kd2 Rb6 54.g4 Rb2+ 55.Kc1 Rh2
56.g5 Rxh3 57.gxf6 gxf6 58.Rxa6 f5 59.Kd2 Rh2+ 60.Ke1 Ke3 61.Re6+ Kd3 62.Rf6 Re2+
63.Kd1 Re5 64.Rf8 Ke3 65.Ke1 f4 66.Kf1 d3 67.Ke1 f3 68.Kf1 d2 69.Rd8 Re4  0-1

[Event "Klatovy op-A"]
[Site "Klatovy"]
[Date "1998.??.??"]
[Round "?"]
[White "Novotny, J."]
[Black "Flaisigova, Petra"]
[Result "1-0"]
[WhiteElo "2020"]
[BlackElo "1860"]

1.e4 c5 2.Nf3 Nc6 3.Bb5 Nf6 4.Qe2 a6 5.Bxc6 dxc6 6.e5 Nd5 7.d3 Bg4 8.h3 Bxf3
9.Qxf3 Nc7 10.O-O g6 11.Nc3 Bg7 12.Qg3 O-O 13.f4 Ne6 14.Be3 Nd4 15.Qf2 f6
16.exf6 exf6 17.Ne4 b6 18.Bxd4 cxd4 19.f5 Bh6 20.Qg3 Be3+ 21.Kh1 g5 22.Rae1 Ra7
23.Qd6 Qxd6 24.Nxd6 Bf4 25.Re6 Rc7 26.Rfe1 h6 27.R1e4 c5 28.Ne8 Rcf7 29.Rxb6 Be5
30.Nd6 Bxd6 31.Rxd6 Rb8 32.b3 a5 33.a4  1-0